000 01335cam a22003254a 4500
005 20260322212050.0
008 data
010 _a 2004028234
020 _a0313324891 (alk. paper)
020 _a9780313324895 (alk. paper)
040 _aDLC
_cDLC
_dDLC
042 _apcc
043 _ae-it---
050 0 0 _aDG451
_b.K54 2005
082 0 0 _a945.092
_222
092 _a945.09 K54 2005
100 1 _aKillinger, Charles L.
245 1 0 _aCulture and customs of Italy /
_cCharles L. Killinger.
260 _aWestport, Conn. :
_bGreenwood Press,
_c2005.
300 _axxiv, 246 p. :
_bill., maps ;
_c25 cm.
440 0 _aCulture and customs of Europe
504 _aIncludes bibliographical references (p. [227]-234) and index.
650 0 _aPopular culture
_zItaly
_xHistory
_y20th century.
651 0 _aItaly
_xCivilization
_y20th century.
856 4 1 _3Table of contents
_uhttp://www.loc.gov/catdir/toc/ecip054/2004028234.html
906 _a7
_bcbc
_corignew
_d1
_eecip
_f20
_gy-gencatlg
925 0 _aacquire
_b2 shelf copies
_xpolicy default
955 _dlf03 2004-11-24;
_elf29 2004-11-24 to Dewey
_flf27 2005-07-05
_glf27 2005-07-05 to BCCD
001 data
999 _c1194
_d1194